| 000 | 00532nam a2200169Ia 4500 | ||
|---|---|---|---|
| 008 | 090201s9999 xx 000 0 und d | ||
| 010 | _aKPL-45067 | ||
| 040 | _bमराठी | ||
| 041 | _aमराठी | ||
| 082 |
_a11875 _b45067 |
||
| 100 | _aजी ए कुलकर्णी | ||
| 245 |
_aकुसुम गुंजा _cजी ए कुलकर्णी |
||
| 260 |
_c2004 _bपरचुरे प्रकाशन |
||
| 300 |
_a131 _bमोठा |
||
| 600 | _aकुसुम गुंजा | ||
| 942 | _cBOOK | ||
| 999 |
_c212253 _d212253 |
||